[Event "FRA-chT U20 16 GP Basse 1213"]
[Site "France"]
[Date "2013.05.20"]
[Round "11"]
[White "Nguyen, Vincent1111"]
[Black "Claustre, Jordan"]
[Result "1/2-1/2"]
[WhiteElo "1800"]
[BlackElo "1714"]
[PlyCount "62"]
[EventDate "2012.12.01"]
[EventType "team"]
[EventRounds "11"]
[EventCountry "FRA"]
[SourceTitle "EXT 2014"]
[Source "ChessBase"]
[SourceDate "2013.11.20"]
[SourceVersion "1"]
[SourceVersionDate "2013.11.20"]
[SourceQuality "1"]
[WhiteTeam "Saint Mande U20"]
[BlackTeam "Sainte Foy (U20)"]
[WhiteTeamCountry "FRA"]
[BlackTeamCountry "FRA"]

1. d4 d5 2. c4 c6 3. Nf3 Nf6 4. Nc3 e6 5. e3 Nbd7 6. Bd3 dxc4 7. Bxc4 b5 8. Bd3 a6 9. e4 c5 10. d5 Qc7 11. 0-0 Bd6 12. dxe6 fxe6 13. Bxb5 axb5 14. Nxb5 Bxh2+ 15. Nxh2 Qc6 16. Nd6+ Ke7 17. Nxc8+ Rhxc8 18. Re1 Ra4 19. e5 Nd5 20. g3 Rd4 21. Qh5 h6 22. Nf3 Rb4 23. Nh4 Nf8 24. Ng6+ Nxg6 25. Qxg6 Kf8 26. b3 Ne7 27. Qc2 Nf5 28. Be3 Nh4 29. Kf1 Nf3 30. Red1 Nxe5 31. Rac1 Qh1+ 1/2-1/2

[Event "FRA-chT U20 GpA 1213"]
[Site "France"]
[Date "2012.12.02"]
[Round "2"]
[White "Ferrari, Louis"]
[Black "Claustre, Jordan"]
[Result "1-0"]
[WhiteElo "1756"]
[BlackElo "1714"]
[PlyCount "155"]
[EventDate "2012.12.01"]
[EventType "team"]
[EventRounds "7"]
[EventCountry "FRA"]
[SourceTitle "EXT 2014"]
[Source "ChessBase"]
[SourceDate "2013.11.20"]
[SourceVersion "1"]
[SourceVersionDate "2013.11.20"]
[SourceQuality "1"]
[WhiteTeam "Cannes (U20)"]
[BlackTeam "Sainte Foy (U20)"]
[WhiteTeamCountry "FRA"]
[BlackTeamCountry "FRA"]

1. Nf3 c5 2. c4 Nc6 3. Nc3 g6 4. g3 Bg7 5. Bg2 Nf6 6. 0-0 0-0 7. d4 cxd4 8. Nxd4 Nxd4 9. Qxd4 d6 10. b3 a6 11. Bb2 Rb8 12. Qd2 b5 13. cxb5 axb5 14. Ne4 Nxe4 15. Bxe4 Bxb2 16. Qxb2 Bb7 17. Bxb7 Rxb7 18. Rfc1 b4 19. Rc4 Qb6 20. Qd2 Ra8 21. Qh6 e5 22. Rac1 Qd8 23. Qd2 Rab8 24. R1c2 Kg7 25. Rc6 Rb6 26. Rc7 R6b7 27. R7c6 Rb6 28. R6c4 R6b7 29. Rh4 h5 30. Rcc4 d5 31. Rxb4 Qa5 32. Rbd4 Qxd2 33. Rxd2 Ra8 34. Rxd5 Rxa2 35. Rxe5 Rxb3 36. Rf4 Ra7 37. Kg2 Rb6 38. h4 Rc6 39. Rb5 Re7 40. Rb2 Rce6 41. Kf3 Ra6 42. e3 Rc6 43. Re2 Rc3 44. Kg2 Rc6 45. Rd4 Rce6 46. Red2 Rf6 47. Rd6 Rf5 48. R2d5 Rxd5 49. Rxd5 Rb7 50. Kf3 Rb4 51. Rd7 Kf6 52. Rd4 Rb5 53. Rd3 Ra5 54. e4 Ke5 55. Ke3 Ke6 56. f4 Rb5 57. Kf3 Kf6 58. Ke3 Ke6 59. Kf3 Kf6 60. g4 hxg4+ 61. Kxg4 Ra5 62. e5+ Kg7 63. Rd7 Ra6 64. h5 gxh5+ 65. Kxh5 Rb6 66. Kg5 Rg6+ 67. Kf5 Rb6 68. Rd6 Rb5 69. Rf6 Ra5 70. Ke4 Rb5 71. Kd4 Ra5 72. Kc4 Kg8 73. Kb4 Rd5 74. Rd6 Rxd6 75. exd6 Kf8 76. Kc5 Ke8 77. Kd5 Kd7 78. Ke5 1-0